Som rád, že uvádzame "Hoffmannky" Zhovárame sa s Vladimírom Kubovčíkom, sólistom opery SND

Bibliographic Details
Main Authors: Kubovčík, Vladimír, 1953- (Author), Litschauerová, Nina, 1924-2001 (Author)
Format: Article
Language:Slovak
PhysicalDescription:Fot. 1.
Subjects:

MARC

LEADER 00000nab a2200000 a 4500
001 vtls000454459
003 SK-MaSNL
005 20260304034404.0
008 120926c1992 xo 0 slo
015 |a SNBRB19rr/mm-uuuuu 
035 |a CL0454590 
040 |a SNKBUCL  |b slo  |c SNKBUCL  |e AACR2 
041 0 |a slo 
044 |a xo  |c SK 
080 |a 78.071.2:792.5  |2 1981 
080 |a 792.5  |2 1981 
080 |a 929 Kubovčík, Vladimír  |2 1981 
100 1 |a Kubovčík, Vladimír,  |d 1953-  |4 aut  |9 198720 
245 1 0 |a Som rád, že uvádzame "Hoffmannky"  |b Zhovárame sa s Vladimírom Kubovčíkom, sólistom opery SND  |c Vladimír Kubovčík, Nina Litschauerová 
300 |a Fot. 1. 
600 1 7 |a Kubovčík, Vladimír,  |d 1953-  |2 snkbucl  |9 198720 
650 0 7 |a operní speváci  |2 SNKPH  |9 2849 
655 7 |a rozhovory  |2 snkbucl  |9 31831 
655 7 |a články z novín a časopisov  |2 snkbucl  |9 267496 
700 1 |a Litschauerová, Nina,  |d 1924-2001  |4 aut  |9 5081 
773 0 |t Večerník  |g Roč. 37, č. 109 (5. 6. 1992), s. 6-7 
850 |a Slovenská národná knižnica v Martine  |a MTA001 
852 |a SNK  |b KIS3GCP 
958 |a RK 
992 |a RBX 
999 |c 2652829  |d 2654759